Clic La répartition de l'eau sur terre - Statistiques

Statistiques générales
  • Ce quiz a été pris 84 fois
  • Le résultat moyen est 3 sur 6
Statistiques - réponses
Hint Réponse % Correct
Océans et mers 96,54 %
94%
Lacs, marécages et rivières 0,014 %
49%
Humidité du sol et atmosphère 0,0002 %
47%
Eau souterraine 1,69 %
47%
Glaces et neiges permanentes 1,76 %
43%
Organismes vivants 0,0001 %
37%
Aucun quiz correspondant
Distribution des résultats
% des personnes avec chaque résultat
Percentile par nombre de réponses
Votre historique - résultats
Vous n’avez pas pris ce quiz